2052 : (Record no. 108323)
[ view plain ]
| 000 -LEADER | |
|---|---|
| fixed length control field | 01024cam a22002658a 4500 |
| 001 - CONTROL NUMBER | |
| control field | vtls003235265 |
| 003 - CONTROL NUMBER IDENTIFIER | |
| control field | MY-SjTCS |
| 005 - DATE AND TIME OF LATEST TRANSACTION | |
| control field | 20200226113411.0 |
| 008 - FIXED-LENGTH DATA ELEMENTS--GENERAL INFORMATION | |
| fixed length control field | 120803s2012 vtu b 001 0 eng |
| 020 ## - INTERNATIONAL STANDARD BOOK NUMBER | |
| International Standard Book Number | 9781603584678 (hbk.) |
| 020 ## - INTERNATIONAL STANDARD BOOK NUMBER | |
| International Standard Book Number | 9781603584210 (pbk.) |
| 039 #9 - LEVEL OF BIBLIOGRAPHIC CONTROL AND CODING DETAIL [OBSOLETE] | |
| Level of rules in bibliographic description | 201801021035 |
| Level of effort used to assign nonsubject heading access points | VLOAD |
| Level of effort used to assign subject headings | 201210171148 |
| Level of effort used to assign classification | izani |
| Level of effort used to assign subject headings | 201209131624 |
| Level of effort used to assign classification | pushpa |
| -- | 201208031332 |
| -- | malathy |
| 082 04 - DEWEY DECIMAL CLASSIFICATION NUMBER | |
| Classification number | 330.9 |
| Item number | RAN 2012 |
| 100 1# - MAIN ENTRY--PERSONAL NAME | |
| Personal name | Randers, Jorgan. |
| 9 (RLIN) | 63848 |
| 245 10 - TITLE STATEMENT | |
| Title | 2052 : |
| Remainder of title | a global forecast for the next forty years / |
| Statement of responsibility, etc. | Jorgan Randers. |
| 246 30 - VARYING FORM OF TITLE | |
| Title proper/short title | Global forecast for the next forty years |
| 260 ## - PUBLICATION, DISTRIBUTION, ETC. | |
| Place of publication, distribution, etc. | White River Junction, Vt. : |
| Name of publisher, distributor, etc. | Chelsea Green Pub., |
| Date of publication, distribution, etc. | c2012. |
| 300 ## - PHYSICAL DESCRIPTION | |
| Extent | xvi, 392 p. : |
| Other physical details | ill., map ; |
| Dimensions | 23 cm. |
| 500 ## - GENERAL NOTE | |
| General note | "A Report to the Club of Rome Commemorating the 40th Anniversary of The Limits to Growth." |
| 504 ## - BIBLIOGRAPHY, ETC. NOTE | |
| Bibliography, etc. note | Includes bibliographical references and index. |
| 650 #0 - SUBJECT ADDED ENTRY--TOPICAL TERM | |
| Topical term or geographic name entry element | Economic history |
| Chronological subdivision | 21st century. |
| 9 (RLIN) | 36666 |
| 650 #0 - SUBJECT ADDED ENTRY--TOPICAL TERM | |
| Topical term or geographic name entry element | Economic forecasting. |
| 920 ## - Programme | |
| Programme | ENG : 187637 |
| 921 ## - Programme | |
| Programme | GENSH : 187630 |
| Withdrawn status | Lost status | Source of classification or shelving scheme | Damaged status | Not for loan | Home library | Current library | Date acquired | Cost, normal purchase price | Total Checkouts | Barcode | Date last seen | Date last checked out | Copy number | Cost, replacement price | Koha item type | Public note | Collection code |
|---|---|---|---|---|---|---|---|---|---|---|---|---|---|---|---|---|---|
| Withdrawn | Dewey Decimal Classification | TC External Storage | TC External Storage | 28/09/2012 | 79.90 | 7 | 5000136766 | 05/12/2019 | 04/10/2017 | 1 | 79.90 | Main Collection | GENSH,GENSH,02,GR | Please fill up online form at https://taylorslibrary.taylors.edu.my/services/external_storage1 | |||
| Withdrawn | Dewey Decimal Classification | Taylor's Library-TU | Taylor's Library-TU | 12/09/2012 | 79.05 | 1 | 5000136580 | 05/12/2019 | 20/11/2014 | 1 | 79.05 | Teaching Resource | SOExx,07015,02,GR |